CDM2022 : Les 26 français sélectionnés - Statistiques

Statistiques générales
  • Ce quiz a été pris 1 223 fois
    1 194 depuis la dernière actualisation
  • Le résultat moyen est 22 sur 27
Statistiques - réponses
Poste Club Joueur % Correct
GB Tottenham Hugo Lloris
98%
Attaquant PSG Kylian Mbappé
95%
GB West Ham Alphonse Aréola
92%
Attaquant Atlético Madrid Antoine Griezmann
90%
Défenseur Bayern Munich Lucas Hernandez
89%
Défenseur Milan AC Théo Hernandez
89%
Milieu Real Madrid Aurélien Tchouaméni
88%
Milieu Real Madrid Eduardo Camavinga
87%
Défenseur Barcelone Jules Koundé
86%
Attaquant Milan AC Olivier Giroud
86%
GB Stade Rennais Steve Mandanda
86%
Défenseur Bayern Munich Benjamin Pavard
85%
Défenseur Bayern Munich Dayot Upamecano
85%
Défenseur Liverpool Ibrahima Konaté
84%
Attaquant Barcelone Ousmane Dembélé
84%
Défenseur Manchester United Raphael Varane
84%
Milieu Juventus Turin Adrien Rabiot
82%
Attaquant Eintracht Frankfurt Randal Kolo-Muani
80%
Défenseur Arsenal William Saliba
79%
Attaquant Real Madrid Karim Benzema
78%
Attaquant Bayern Munich Kingsley Coman
77%
Sélectionneur / Didier Deschamps
75%
Attaquant Borussia Mönchengladbach Marcus Thuram
73%
Milieu Olympique de Marseille Mattéo Guendouzi
70%
Milieu Olympique de Marseille Jordan Veretout
69%
Milieu As Monaco Youssouf Fofana
61%
Défenseur As Monaco Axel Disasi
58%
Aucun quiz correspondant
Distribution des résultats
% des personnes avec chaque résultat
Percentile par nombre de réponses
Votre historique - résultats
Vous n’avez pas pris ce quiz depuis la dernière actualisation